| 000 | 01245cam a22001935a 4500 | ||
|---|---|---|---|
| 001 | L155767 | ||
| 008 | 120416s1772 xxk f 000 0 eng d | ||
| 035 | _a(Sirsi) u155767 | ||
| 041 | 0 | _aeng | |
| 100 | 1 |
_aDugdale, William _cSir _d1605-1686 |
|
| 245 | 0 | 4 |
_aThe history of imbanking and draining of divers fens and marshes, both in foreign parts and in this kingdom, and of the improvements thereby _bExtracted from records, manuscripts, and other authentic testimonies. By William Dugdale, Esq; Norroy King of Arms. Afterwards Sir William Dugdale, knt. Garter Principal King at Arms. The second edition, revised and corrected, by Charles Nalson Cole, Esq; of the Inner-Temple, barrister at law, and register to the Honourable Corporation of Bedford Level |
| 260 |
_aLondon _bPrinted by W. Bowyer and J. Nichols, at the expence of Richard Geast, Esq; and sold by W. Owen, in Fleet-street; and P. Uriel, in Inner Temple-Lane _cMDCCLXXII. [1772] |
||
| 300 |
_axii, 469, [1] p., plates _bmaps _c2o |
||
| 520 | _aFirst published in 1662 as 'The history of imbanking and drayning of divers fenns and marshes'. | ||
| 583 | 0 |
_aCondition reviewed _c20120620 _lcondition level 1 |
|
| 651 | 4 |
_aGreat Britain _y1707- |
|
| 690 |
_aRural _96268 |
||
| 942 | _n0 | ||
| 999 |
_c113806 _d113806 |
||